000 00656nam a22001695i 4500
001 163666
003 ES-MaACL
005 20250824030021.0
008 000301s1864 sp |||| | spa d
100 1 _aRoca, Miguel Vicente.
_9131906
245 1 0 _aGran Teatro Nacional :
_bsolicitud presentada para hacer los estudios de esta obra pública /
_cpor M.V. Roca y otros capitalistas.
260 _aMadrid :
_b[s.n.],
_c1864 (
_fImprenta de P. Cuartero)
300 _a24 p. ;
_c21 cm.
650 7 _aTeatro-
_zEspaña-
_yS.XIX
_2
_9141742
852 4 _aES-MaACL
_jT-72-F-3
_z- Enc. hol.
_z- Enc. en un vol. facticio
999 _c163666
_d163666